000
00220 a2200097 4500
001
12252
100
_a
Shuja, Ahmad Pasha
245
_a
Mas'ala-e-Kashmir
260
_a
_b
Sang-e-Meel Publications
_c
090
_c
9486
_d
9486
942
_a
NUST-CAE
_c
M
_c
36362
999
_c
247325
_d
247325